| 000 | 00440cam a2200181ua 4500 | ||
|---|---|---|---|
| 001 | 623 | ||
| 008 | 161014n II |||gr||||Z||||||eng | ||
| 040 | _aMAIN | ||
| 041 | _aEnglish | ||
| 082 | _a809.21 JOH | ||
| 100 | _aJOHNSON , SAMUEL. | ||
| 245 | _aLIVES OF ENGLISH POETS (VOL-1) | ||
| 250 | _a1st Rev. | ||
| 260 |
_aNEW YORK: _bEVERYMANS LIBRARY, _c1964. |
||
| 300 |
_a403: _c18CM. |
||
| 700 |
_aJOHNSON , SAMUEL., _eAUTHOR. |
||
| 942 | _cBK | ||
| 999 |
_c623 _d623 |
||